000 00548nam a22001817a 4500
003 LK-CoDNM
005 20260422104922.0
008 260422b |||||||| |||| 00| 0 eng d
022 _a9786245865451
040 _aLK-CoDNM
_dLK-CoDNM
_eLK-CoDNM
080 _aX8C31
_bJAY
100 _aජයසේකර,පි.බී / jayasekara,p.b
245 _aසිතේ කෙටුණු දේවනාගර /sithe ketunu dewanagara
260 _aalawwa
_bkeheli publisher
_c2024
300 _a232p,21cm
650 _asinhala fiction
942 _cBK
999 _c240616
_d240616